Datum a čas kvízu

35 Celkem bodů Celkový počet nahraných bodů na tomto kvízu bez doplňovacích otázek.
3. Pořadí na kvízu Konečné umístění týmu na tomto kvízu.

Zaznamenané odpovědi

# Otázka Odpověď Body Výsledky
1. Ve svatovítské katedrále se v... Petr Fiala 1
2. Minulý týden se na internetu o... vysokozdvižný vozík (ještěrku) 1
3. V noci ze středy na čtvrtek by... Jimmy Kimmel 1
4. Finská firma Bluefors uzavřela... na Měsíci 1
5. Jak se jmenuje český skokan do... Jan Štefela 1
6. Ve spolupráci s Radou Evropy j... 1C 2D 3B 4A 1
7. Pokud vám prozradíme, že červe... július 1
8. Jak se na V jmenuje autonomní... Vojvodina 1
9. Která z těchto knih nebyla nap... A 1
10. Pozoruhodným jazykem je velšti... křeček 0